| 000 | 00923nas a2200289 i 4500 | ||
|---|---|---|---|
| 001 | 1354 | ||
| 003 | ES-MaACL | ||
| 005 | 20250724062542.0 | ||
| 007 | t| | ||
| 008 | 950801d19011920sp m|yp | ||pa d | ||
| 022 | _a2171-0384 | ||
| 080 | _a008 | ||
| 245 | 0 | 0 |
_aLa Lectura _b: revista de ciencias y artes / _cdir., Francisco Acebal. |
| 246 | 3 | _aLa Lectura (Madrid) | |
| 260 |
_aMadrid : _bTip. Vda. e Hijos de M. Tello, _c1901-1920. |
||
| 300 |
_a59 v. ; _c25 cm. |
||
| 310 | _aMensual | ||
| 362 | 0 | _aN. 1 (en. 1901)-año 20, n. 237 (sept. 1920) | |
| 530 | _aDisponible en formato digital. | ||
| 650 | 7 |
_aCultura _2embne _9170963 |
|
| 700 | 1 |
_aAcebal, Francisco, _d1866-1933 _918208 |
|
| 780 | 0 | 0 | _tRenacimiento (Madrid. 1907) |
| 852 |
_aES-MaACL _jK-86 |
||
| 856 |
_uhttp://hemerotecadigital.bne.es/details.vm?o=&w=2171-0384&f=issn&l=500 _zHemeroteca Digital |
||
| 866 | 0 | _o1901-20 | |
| 999 |
_c1354 _d1354 |
||